Countries Bordering the Most 'Stan' Countries - Statistics

General Stats
  • This quiz has been taken 408 times
  • The average score is 8 of 9
Answer Stats
# Bordering "Stan" Countries Country % Correct
4 Kazakhstan, Kyrgyzstan, Pakistan, Tajikistan China
94%
3 Afghanistan, Pakistan, Turkmenistan Iran
93%
3 Afghanistan, Kyrgyzstan, Uzbekistan Tajikistan
93%
2 Kyrgyzstan, Uzbekistan Kazakhstan
92%
3 Kazakhstan, Tajikistan, Uzbekistan Kyrgyzstan
92%
5 Afghanistan, Kazakhstan, Kyrgyzstan, Tajikistan, Turkmenistan Uzbekistan
92%
4 Pakistan, Tajikistan, Turkmenistan, Uzbekistan Afghanistan
91%
2 Afghanistan, Tajikistan Pakistan
91%
2 Afghanistan, Uzbekistan Turkmenistan
91%
No matching quizzes found
Score Distribution
Percent of People with Each Score
Percentile by Number Answered
Your Score History
You have not taken this quiz